| 000 | 00817nam a22002057a 4500 | ||
|---|---|---|---|
| 999 |
_c10559 _d10559 |
||
| 003 | AR-CdUCM | ||
| 008 | 190401b ||||| |||| 00| 0 spa d | ||
| 040 |
_aMUNICIPALIDAD PROVINCIAL DEL CUSCO _cBIBLIOTECA MUNICIPAL DEL CUSCO |
||
| 082 |
_a869.56 / _bD69 / 1961 |
||
| 100 |
_aDíaz Pinés, Octavio _927498 |
||
| 245 |
_aD.Luis de Góngora y Argote : _bCuarto centenario de su nacimiento, 1561 - 1961 / |
||
| 260 |
_aMadrid : _bPublicaciones españolas, _c1961. |
||
| 300 |
_a30 páginas ; _bIlustraciones, _c24 cm. |
||
| 440 |
_aTemas españoles ; _n410 _927499 |
||
| 505 | _aContenido: Cartel de homenaje -- La ciudad -- Del linaje a su niñez -- Estudiante en Salamanca -- Mas ama quien mas suspira ... | ||
| 650 |
_aLiteratura española _9362 |
||
| 650 |
_aBiografía _922 |
||
| 942 |
_2ddc _cLIBROS |
||
| 945 | _aacv | ||